000 00569cam a2200229 4500
008 090401t1990 xxu||||| |||| 00| 0 eng d
020 _a0713459646
035 _a(Sirsi) u71819
041 _aeng
050 _a658.1552
100 _aGruneberg, Stephen L
245 _aFeasibility studies in construction
260 _aLondon
_bMitchell
_c1990
300 _avi,186p. ; 24cm.
350 _a22.95
650 _aBUILDING PROJECTS
650 _aCOST CONTROL
650 _aQUANTITY SURVEYORS
700 _aWeight, David H
942 _n0
948 _c04/03/1997
999 _c95443
_d95443